Os 15 principais países com mortes por Covid19 - 17 mar 2021 - Statistics

Estatísticas Gerais
  • Esse quiz foi jogado 19 vezes
  • A pontuação média é 11 de 24
Estatísticas das Respostas
país % Correto
Brasil
100%
Estados Unidos
100%
Rússia
83%
Alemanha
75%
França
75%
Espanha
67%
Índia
67%
Itália
67%
México
67%
Argentina
58%
Portugal
58%
Colômbia
50%
Reino Unido
50%
Bélgica
42%
Irão
42%
África do Sul
33%
Peru
33%
Eslováquia
17%
Eslovénia
17%
Macedónia do Norte
17%
Bósnia e Herzegovina
8%
Bulgária
8%
Chéquia
8%
Hungria
0%
Nenhum quiz correspondente encontrado
Distribuição das Pontuações
Porcentagem de Pessoas com Cada Pontuação
Percentil de Números Respondidos
Sua Pontuação Histórica
Você não jogou esse quiz